000 01591nam a22004217a 4500
003 CHAP
005 20220329143331.0
008 080909s2007 mx a r 00010 spa d
010 _a95106
011 _a96078
035 _a106719
040 _cCHAP
090 _aTesis
100 1 _aNuñez Hernández, Alfonsina.
_982221
245 1 3 _aLa denominación de origen :
_bsu aplicación potecial en quesos mexicanos
_c/por Alfonsina Nuñez Hernádez
260 _aChapingo, Méx. :
_bEl autor,
_c2007
300 _axi, 128 h. :
_bilus. ; gráfs. ; cuadros
502 _aTesis (Ing. Agroindustrial) -- UACH. Departamento de Ingeriería Agroindustrial
530 _aTambién disponible en línea
590 _aALEPH
_b10
_c20130110
_lUCH01
_h1523
590 _aBATCH-UPD
_b10
_c20130109
_lUCH01
_h2349
590 _aBATCH-UPD
_b10
_c20130110
_lUCH01
_h0623
590 _aBATCH-UPD
_b10
_c20130410
_lUCH01
_h0306
590 _aBATCH-UPD
_b10
_c20130914
_lUCH01
_h1842
590 _aBATCH-UPD
_b10
_c20140324
_lUCH01
_h1507
590 _aBATCH-UPD
_b10
_c20141002
_lUCH01
_h0836
590 _aCONVERSION
_b10
_c20130109
_lUCH01
_h1353
650 1 4 _aPropiedad intelectual.
_992423
650 1 4 _aQueso
_xMercadeo.
_993230
650 1 4 _aQueso
_xNormas de calidad.
_993231
650 1 4 _aQueso
_xProcesado.
_993233
856 _3Finding aid
_uhttp://10.13.5.2/tesis/106719.pdf
_zTeclea aqui
901 _aBK
905 _aluigm
942 _cFOLL
949 _aTesis
_bBC
_cTES
_d33724002066421
_eTS2
_fc.2
_gDonaciØn
_h48010
_i106719
_sb
949 _aTesis
_bBC
_cTES
_d33724002067199
_eTS1
_gDonaciØn
_h48009
_i106719
_sb
999 _c95106
_d95106